[Event "RA-2023-0-00720"]
[Site "LSS email"]
[Date "2023.03.10"]
[Round "?"]
[White "Langheld, Werner"]
[Black "Van Bommel, Ton"]
[Result "1/2-1/2"]
[WhiteElo "2053"]
[BlackElo "2107"]
[PlyCount "49"]
[EventDate "2022.11.28"]
[EventType "tourn (corr)"]
[EventRounds "6"]
[EventCountry "GER"]
[SourceTitle "Corr 2024"]
[Source "ChessBase"]
[SourceDate "2023.10.19"]
[SourceVersion "1"]
[SourceVersionDate "2023.10.19"]
[SourceQuality "1"]

1. e4 c6 2. d4 d5 3. e5 Bf5 4. Nc3 e6 5. g4 Bg6 6. Nge2 c5 7. h4 h5 8. Nf4 Bh7 9. Nxh5 Nc6 10. dxc5 Bxc5 11. Nxg7+ Kf8 12. Nh5 d4 13. Nb5 a6 14. Na3 d3 15. Bxd3 Qd5 16. 0-0 Bxd3 17. Qxd3 Qxd3 18. cxd3 Nxe5 19. Bg5 Nxg4 20. Nf4 Be7 21. Rfe1 N8h6 22. Rac1 b5 23. Bxe7+ Kxe7 24. f3 Nf6 25. Nxe6 1/2-1/2

[Event "RA-2022-0-00717"]
[Site "LSS email"]
[Date "2022.12.10"]
[Round "?"]
[White "Almeida, Ramiro"]
[Black "Langheld, Werner"]
[Result "1-0"]
[WhiteElo "2172"]
[BlackElo "2051"]
[PlyCount "21"]
[EventDate "2022.08.10"]
[EventType "tourn (corr)"]
[EventRounds "6"]
[EventCountry "GER"]
[SourceTitle "Corr 2024"]
[Source "ChessBase"]
[SourceDate "2023.10.19"]
[SourceVersion "1"]
[SourceVersionDate "2023.10.19"]
[SourceQuality "1"]

1. e4 d5 2. exd5 Qxd5 3. Nc3 Qa5 4. d4 Nf6 5. Nf3 Bf5 6. Bd2 e6 7. Ne5 c6 8. g4 Bg6 9. h4 Nbd7 10. Nxd7 Nxd7 11. h5 1-0

[Event "RA-2022-0-00716"]
[Site "LSS email"]
[Date "2022.11.22"]
[Round "?"]
[White "Langheld, Werner"]
[Black "Nowak, Ireneusz"]
[Result "1/2-1/2"]
[WhiteElo "2046"]
[BlackElo "2005"]
[PlyCount "86"]
[EventDate "2022.07.23"]
[EventType "tourn (corr)"]
[EventRounds "6"]
[EventCountry "GER"]
[SourceTitle "Corr 2024"]
[Source "ChessBase"]
[SourceDate "2023.10.19"]
[SourceVersion "1"]
[SourceVersionDate "2023.10.19"]
[SourceQuality "1"]

1. e4 c5 2. b4 cxb4 3. a3 d5 4. exd5 Qxd5 5. Nf3 e5 6. c4 Qd8 7. Bb2 e4 8. Ne5 bxa3 9. Nxa3 Nf6 10. Be2 Be7 11. Nb5 Nc6 12. 0-0 0-0 13. d3 exd3 14. Bxd3 Nb4 15. Nxa7 Nxd3 16. Nxc8 Rxc8 17. Qxd3 Qxd3 18. Nxd3 Rxc4 19. Ra7 Rc7 20. g3 Rd8 21. Rc1 Rxc1+ 22. Nxc1 Bc5 23. Rxb7 Ng4 24. Nb3 Bxf2+ 25. Kg2 Be1 26. Bd4 Nh6 27. Kf3 f6 28. Be3 Nf5 29. Bf4 Rc8 30. Rb8 Rxb8 31. Bxb8 Kf7 32. h3 Bc3 33. g4 Ne7 34. Ke4 g6 35. Bg3 Nc6 36. Kd5 Ne7+ 37. Ke4 Nc6 38. Kd5 Be5 39. Kxc6 Bxg3 40. Kd5 Bb8 41. Nd4 Bf4 42. Nc6 f5 43. gxf5 gxf5 1/2-1/2

[Event "LSS SA-2022-0-00798"]
[Site "LSS email"]
[Date "2022.05.10"]
[Round "?"]
[White "Csaba, Fodor"]
[Black "Langheld, Werner"]
[Result "1/2-1/2"]
[WhiteElo "2062"]
[BlackElo "1970"]
[PlyCount "134"]
[EventDate "2022.03.23"]
[EventType "tourn (corr)"]
[EventRounds "6"]
[EventCountry "GER"]
[SourceTitle "Corr 2024"]
[Source "ChessBase"]
[SourceDate "2023.10.19"]
[SourceVersion "1"]
[SourceVersionDate "2023.10.19"]
[SourceQuality "1"]

1. e4 d5 2. exd5 Qxd5 3. Nc3 Qa5 4. d4 Nf6 5. Nf3 Bf5 6. Ne5 c6 7. Bc4 e6 8. g4 Bg6 9. h4 Nbd7 10. Nxd7 Nxd7 11. h5 Be4 12. 0-0 Bd5 13. Nxd5 cxd5 14. Bd3 g6 15. Bd2 Qb6 16. c3 gxh5 17. g5 h6 18. g6 fxg6 19. Bxg6+ Kd8 20. Kh1 Bd6 21. Rc1 Rc8 22. Qe2 Rc6 23. Rce1 Kc8 24. Bf7 Qd8 25. Qxh5 Nf6 26. Bxe6+ Kb8 27. Qh4 Rb6 28. Bc1 Ka8 29. f3 Be7 30. Qh3 Bd6 31. Kg1 Re8 32. Rf2 Bb8 33. Kf1 Qc7 34. Rfe2 h5 35. f4 Qc4 36. f5 h4 37. Qxh4 Rexe6 38. fxe6 Rxe6 39. Kf2 Ne4+ 40. Kg1 a6 41. Bf4 Bxf4 42. Qxf4 Rf6 43. Qh2 Qd3 44. Rg2 Ka7 45. Rg8 Qf3 46. Qb8+ Kb6 47. Rg2 Rf8 48. Qe5 Rf5 49. Qb8 Rg5 50. Qd8+ Ka7 51. Qxg5 Nxg5 52. Rxg5 a5 53. Rg2 Ka6 54. Re6+ Kb5 55. Ree2 Qd3 56. Rc2 Qd1+ 57. Kh2 Qh5+ 58. Kg3 Qg5+ 59. Kf2 Qh4+ 60. Kf3 Qe4+ 61. Kg3 Qg6+ 62. Kf4 Qf6+ 63. Ke3 Qh6+ 64. Kf3 Qf6+ 65. Ke2 Qh4 66. Rf2 Qg4+ 67. Ke3 Qg5+ 1/2-1/2

[Event "LSS SA-2022-0-00798"]
[Site "LSS email"]
[Date "2022.05.10"]
[Round "?"]
[White "Langheld, Werner"]
[Black "Jacewicz, Grzegorz"]
[Result "1/2-1/2"]
[WhiteElo "1970"]
[BlackElo "2016"]
[PlyCount "85"]
[EventDate "2022.03.23"]
[EventType "tourn (corr)"]
[EventRounds "6"]
[EventCountry "GER"]
[SourceTitle "Corr 2024"]
[Source "ChessBase"]
[SourceDate "2023.10.19"]
[SourceVersion "1"]
[SourceVersionDate "2023.10.19"]
[SourceQuality "1"]

1. e4 c5 2. b4 cxb4 3. a3 e5 4. Nf3 Nc6 5. Bc4 Nf6 6. Qe2 Bc5 7. axb4 Bxb4 8. c3 Be7 9. d4 d6 10. 0-0 0-0 11. Rd1 Qc7 12. h3 h6 13. Ba3 Re8 14. d5 Na5 15. Bb5 Bd7 16. Nbd2 Bxb5 17. Qxb5 b6 18. Bb4 a6 19. Qe2 Rec8 20. Bxa5 bxa5 21. Ra3 g6 22. g3 Bd8 23. Kg2 Kg7 24. Rda1 Qc5 25. R1a2 Nd7 26. h4 h5 27. Ng5 Qa7 28. Ngf3 Rc5 29. c4 Rc7 30. Rxa5 Rb7 31. R5a3 Nc5 32. Ne1 Rb4 33. g4 hxg4 34. Qxg4 Qe7 35. Rh3 Rb7 36. Raa3 Qd7 37. Qxd7 Nxd7 38. Nd3 Bb6 39. h5 Nc5 40. hxg6 fxg6 41. f4 exf4 42. Nxf4 Rf7 43. Rh4 1/2-1/2

[Event "LSS SA-2022-0-00794"]
[Site "LSS email"]
[Date "2022.03.16"]
[Round "?"]
[White "Baltar, Antoni"]
[Black "Langheld, Werner"]
[Result "1-0"]
[WhiteElo "2074"]
[BlackElo "1967"]
[PlyCount "45"]
[EventDate "2022.02.15"]
[EventType "tourn (corr)"]
[EventRounds "6"]
[EventCountry "GER"]
[SourceTitle "Corr 2024"]
[Source "ChessBase"]
[SourceDate "2023.10.19"]
[SourceVersion "1"]
[SourceVersionDate "2023.10.19"]
[SourceQuality "1"]

1. e4 d5 2. exd5 Qxd5 3. Nc3 Qa5 4. d4 Nf6 5. Nf3 Bf5 6. Bc4 e6 7. Bd2 c6 8. Ne4 Qd8 9. Ng3 Bg4 10. c3 Qb6 11. 0-0 Bd6 12. a4 a5 13. h3 Bxf3 14. Qxf3 Nbd7 15. Rad1 0-0 16. Bc1 Rad8 17. Rfe1 c5 18. dxc5 Qxc5 19. Ne4 Nxe4 20. Qxe4 Nf6 21. Qh4 h6 22. Be3 Qc6 23. Bxh6 1-0

[Event "LSS No Engine Cup 218 Final"]
[Site "LSS email"]
[Date "2022.01.27"]
[Round "?"]
[White "Hoehne, Ernst"]
[Black "Langheld, Werner"]
[Result "1/2-1/2"]
[WhiteElo "2059"]
[BlackElo "2127"]
[PlyCount "49"]
[EventDate "2022.01.27"]
[EventType "tourn (corr)"]
[EventRounds "6"]
[EventCountry "GER"]
[SourceTitle "Corr 2024"]
[Source "ChessBase"]
[SourceDate "2023.10.19"]
[SourceVersion "1"]
[SourceVersionDate "2023.10.19"]
[SourceQuality "1"]

1. d4 Nf6 2. c4 e5 3. dxe5 Ng4 4. Nf3 Bc5 5. e3 Nc6 6. Be2 Ngxe5 7. 0-0 Nxf3+ 8. Bxf3 0-0 9. Nc3 d6 10. b3 Ne5 11. Bb2 Nxf3+ 12. Qxf3 Qg5 13. Rfd1 Bg4 14. Qg3 f6 15. Rd2 Bb4 16. h3 Be6 17. Qxg5 fxg5 18. a3 Bxc3 19. Bxc3 a5 20. a4 b6 21. f3 h6 22. e4 Rae8 23. Rad1 Bc8 24. Kh2 Kh7 25. Re2 1/2-1/2

[Event "SB-2022-0-00630"]
[Site "LSS email"]
[Date "2022.01.22"]
[Round "?"]
[White "Langheld, Werner"]
[Black "Neumann, Ulf"]
[Result "1/2-1/2"]
[WhiteElo "1959"]
[BlackElo "1935"]
[PlyCount "71"]
[EventDate "2021.12.17"]
[EventType "tourn (corr)"]
[EventRounds "6"]
[EventCountry "GER"]
[SourceTitle "Corr 2024"]
[Source "ChessBase"]
[SourceDate "2023.10.19"]
[SourceVersion "1"]
[SourceVersionDate "2023.10.19"]
[SourceQuality "1"]

1. e4 e5 2. Nf3 Nc6 3. Nc3 Nf6 4. d4 exd4 5. Nd5 Nb4 6. Nxf6+ Qxf6 7. Bc4 Bc5 8. 0-0 d6 9. e5 dxe5 10. a3 Nc6 11. Ng5 h6 12. Bxf7+ Kd8 13. Ne4 Qxf7 14. Nxc5 a5 15. Nd3 Rf8 16. Re1 Re8 17. f4 e4 18. Ne5 Nxe5 19. fxe5 Qd5 20. Be3 c5 21. c3 d3 22. b4 Ra6 23. bxc5 Rxe5 24. Rf1 Rf5 25. Rxf5 Bxf5 26. Rb1 Bc8 27. Qe1 Rg6 28. Qh4+ Ke8 29. Qf4 Rf6 30. Qc7 Qd7 31. Qe5+ Qe7 32. Qd5 Qe6 33. Qd4 Kf7 34. Rb6 Qf5 35. Rxf6+ gxf6 36. Qd6 1/2-1/2

[Event "LSS No Engine Cup 224 Preliminary 0"]
[Site "LSS email"]
[Date "2022.01.08"]
[Round "?"]
[White "Langheld, Werner"]
[Black "Heiser, Jerome"]
[Result "1-0"]
[WhiteElo "2127"]
[BlackElo "722"]
[PlyCount "33"]
[EventDate "2022.01.08"]
[EventType "tourn (corr)"]
[EventRounds "6"]
[EventCountry "GER"]
[SourceTitle "Corr 2024"]
[Source "ChessBase"]
[SourceDate "2023.10.19"]
[SourceVersion "1"]
[SourceVersionDate "2023.10.19"]
[SourceQuality "1"]

1. e4 e5 2. Nf3 Nc6 3. Nc3 Bc5 4. Nxe5 Bxf2+ 5. Kxf2 Nxe5 6. d4 Nc6 7. Be3 Nf6 8. e5 Ng8 9. Qg4 g6 10. Qf3 a6 11. Bc4 f5 12. exf6 Nxf6 13. Rhe1 Qe7 14. Bh6 Qxe1+ 15. Rxe1+ Ne7 16. Qxf6 Rg8 17. Qxe7# 1-0

[Event "SB-2021-0-00626"]
[Site "LSS email"]
[Date "2021.12.11"]
[Round "?"]
[White "Langheld, Werner"]
[Black "Baltar, Antoni"]
[Result "1/2-1/2"]
[WhiteElo "1949"]
[BlackElo "1919"]
[PlyCount "93"]
[EventDate "2021.09.25"]
[EventType "tourn (corr)"]
[EventRounds "6"]
[EventCountry "GER"]
[SourceTitle "Corr 2024"]
[Source "ChessBase"]
[SourceDate "2023.10.19"]
[SourceVersion "1"]
[SourceVersionDate "2023.10.19"]
[SourceQuality "1"]

1. e4 e5 2. Nf3 Nc6 3. Nc3 Nf6 4. d4 exd4 5. Nd5 Nb4 6. Nxf6+ Qxf6 7. a3 Nc6 8. Bd3 d6 9. Bb5 Bg4 10. Qxd4 Be7 11. c3 Qg6 12. Qe3 0-0 13. 0-0 Rad8 14. Ne1 Ne5 15. f4 Bd7 16. Bxd7 Nxd7 17. f5 Qg4 18. Nd3 Rfe8 19. h3 Qh4 20. Rf4 Qf6 21. Qxa7 Ne5 22. Nb4 c6 23. Qxb7 d5 24. exd5 Bd6 25. Bd2 Qg5 26. Rf2 Qh4 27. Nxc6 Bc5 28. Nd4 Nd3 29. Raf1 Nxf2 30. Rxf2 Bd6 31. Nf3 Qe4 32. Rf1 Qd3 33. Be1 Rb8 34. Qc6 Bf4 35. Bf2 Re2 36. Ba7 Rd8 37. Qa4 Qxf5 38. Qc4 Rxb2 39. Nh4 Qd7 40. Qxf4 Qxa7+ 41. Kh1 Rxd5 42. Nf5 Rd8 43. Nxg7 Qb7 44. Qg3 Kh8 45. Nh5 f6 46. Nxf6 Rf8 47. Re1 1/2-1/2

[Event "SB-2021-0-00626"]
[Site "LSS email"]
[Date "2021.12.11"]
[Round "?"]
[White "Langheld, Werner"]
[Black "Cleto Junior, Dirceu"]
[Result "1/2-1/2"]
[WhiteElo "1949"]
[BlackElo "1983"]
[PlyCount "51"]
[EventDate "2021.09.25"]
[EventType "tourn (corr)"]
[EventRounds "6"]
[EventCountry "GER"]
[SourceTitle "Corr 2024"]
[Source "ChessBase"]
[SourceDate "2023.10.19"]
[SourceVersion "1"]
[SourceVersionDate "2023.10.19"]
[SourceQuality "1"]

1. e4 c5 2. b4 cxb4 3. a3 d5 4. exd5 Qxd5 5. Nf3 e5 6. c4 Qd8 7. Bb2 e4 8. Ne5 bxa3 9. Nxa3 Nf6 10. Nb5 Na6 11. Be2 Be7 12. 0-0 0-0 13. d4 exd3 14. Qxd3 Qxd3 15. Nxd3 Rd8 16. Rfe1 Bf8 17. Nf4 Bf5 18. Bf3 Nc5 19. Rxa7 Rxa7 20. Nxa7 Ne6 21. Bxf6 gxf6 22. Nh5 Bc5 23. Nb5 Rd2 24. Rf1 Bd3 25. Nxf6+ Kg7 26. Ne4 1/2-1/2